LDR 00658naa#a2200181#i#450# 001 EN\\bibl\120585 005 20260430121638.4 011 ## _a2587-6740 100 ## _a20260415b2026####ek#y0engy0150####ca 102 ## _aRU 200 1# _aTechnological roadmap for the digital transformation of agriculture: a universal approach from the field to the country _eJournal article 210 1# _aMoscow _cElectronic science _d2026 215 ## _a5 с. 608 ## _aJournal article _2local 675 ## _aОтрасли народного хозяйства в целом. 338.012 _z 700 #1 _aPetukhova _gMarina Sergeevna 700 #1 _aAgafonova _gOlga Vital'evna 856 4# _astolypinvestnik.ru _u